000 00675nam a2200181 i 4500
001 99460
003 ES-MaACL
005 20230906182512.0
007 t|
008 050912s1973 sp af |||| | spa d
100 1 _aMartinelli, Franco.
_977696
245 1 0 _aHistoria de Rusia /
_cFranco Martinelli.
260 _aBarcelona :
_bDe Vecchi,
_c1973.
300 _a2 v., 24 lám. col. :
_bil. ;
_c25 cm.
505 8 _aContiene: I ;
_tDesde sus legendarios inicios a los grandes zares (760 p., lám. col., il.) - II ;
_tLa transformación de una sociedad feudal: Lenin, Stalin, Kruschev y Breznev (787 p.)
651 4 _aRusia-
_xHistoria.
_99330
852 _aES-MaACL
_jC-55920-21
999 _c99460
_d99460